LEADER 00912nam0-22002771i-450- 001 990003028420403321 005 20080408161551.0 035 $a000302842 035 $aFED01000302842 035 $a(Aleph)000302842FED01 035 $a000302842 100 $a20030910d1970----km-y0itay50------ba 101 0 $afre 102 $aFR 200 1 $a<>classe ouvrière et les niveaux de vie$erecherches sur la hiérarchie des besoins dans les sociétés industrielles contemporaines$fpar Maurice Halbwachs 210 $aParis ; Londres$cGordon & Breach$d1970 215 $aXVII, 495 p.$d21 cm 225 1 $aSciences humaines et philosophie 700 1$aHalbwachs,$bMaurice$f<1877-1945>$0119976 801 0$aIT$bUNINA$gRICA$2UNIMARC 901 $aBK 912 $a990003028420403321 952 $a14230 HAL$b4336/I$fSES 959 $aSES 996 $aClasse ouvrière et les niveaux de vie$9463937 997 $aUNINA LEADER 01158nam a2200337 i 4500 001 991000777669707536 005 20020507173446.0 008 940310s1988 uk ||| | eng 020 $a0131659456 (pbk.) 035 $ab10755846-39ule_inst 035 $aLE01302163$9ExL 040 $aDip.to Matematica$beng 082 0 $a004 084 $aAMS 68Q 084 $aCR F.0 084 $aQA76.G589 100 1 $aGoldschlager, Les$0534977 245 10$aComputer science :$ba modern introduction /$cLes Goldschlager, Andrew Lister 250 $a2nd ed. 260 $aHemel Hempstead :$bPrentice Hall,$c1988 300 $axiii, 330 p. :$bill. ;$c23 cm 490 0 $aPrentice Hall International series in computer science 500 $aIncludes bibliographies and index 650 0$aComputer science 700 1 $aLister, Andrew Martin 907 $a.b10755846$b23-02-17$c28-06-02 912 $a991000777669707536 945 $aLE013 68Q GOL11 (1988)$g1$i2013000288352$lle013$o-$pE0.00$q-$rl$s- $t0$u0$v0$w0$x0$y.i10850120$z28-06-02 996 $aComputer science$9911193 997 $aUNISALENTO 998 $ale013$b01-01-94$cm$da $e-$feng$guk $h0$i1 LEADER 01021nam0 22002651i 450 001 UON00279786 005 20231205103832.108 100 $a20060711d1972 |0itac50 ba 101 $ahin 102 $aIN 105 $a|||| 1|||| 200 1 $aDhunga phakranna$eKhandakavya$fSitadevi Rajavadhya 210 $aKathmandon$cPhatte Bahadur Rajvaidhya$d1977 215 $a41 p.$d18 cm 606 $aLETTERATURA NEPALESE$3UONC009386$2FI 620 $aNP$dKathmandu$3UONL000146 686 $aSI VI IN$cSUBCONT. INDIANO - LETTERATURE INDOARIE MINORI - NEPALI$2A 700 1$aRAJAVADHYA$bSitadevi$3UONV162035$0692534 712 $aPhatte Bahadur Rajvaidhya$3UONV272149$4650 801 $aIT$bSOL$c20240220$gRICA 899 $aSIBA - SISTEMA BIBLIOTECARIO DI ATENEO$2UONSI 912 $aUON00279786 950 $aSIBA - SISTEMA BIBLIOTECARIO DI ATENEO$dSI SI VI IN 071 N $eSI SA 56740 5 071 N 996 $aDhunga phakranna$91247352 997 $aUNIOR